000 00285nam a2200097Ia 4500
008 120527s9999 xx 000 0 und d
100 _aRavel,R
245 _aClinical Laboratory medicine,Clinical application laboratory data 4th ed.
260 _bYearbook medical publishing
942 _cBK
999 _c19546
_d19546